The power of now / (Record no. 14189)
[ view plain ]
| 000 -LEADER | |
|---|---|
| fixed length control field | 00715nam a2200229 a 4500 |
| 001 - CONTROL NUMBER | |
| JCCL Control Number | 14189 |
| 003 - CONTROL NUMBER IDENTIFIER | |
| JCCL marc code | BD-JhCC |
| 005 - DATE AND TIME OF LATEST TRANSACTION | |
| control field | 20250209080928.0 |
| 008 - FIXED-LENGTH DATA ELEMENTS--GENERAL INFORMATION | |
| fixed length control field | 250209b19992005uk |||| ||a| 000 0 eng d |
| 020 ## - INTERNATIONAL STANDARD BOOK NUMBER | |
| International Standard Book Number | 9780340733509 |
| 035 ## - SYSTEM CONTROL NUMBER | |
| system control number | (BD-JhCC)14189 |
| 040 ## - CATALOGING SOURCE | |
| Original cataloging agency | BD-JhCC |
| Modifying agency | BD-JhCC |
| 041 ## - LANGUAGE CODE | |
| Language code of Book | eng |
| 082 ## - DEWEY DECIMAL CLASSIFICATION NUMBER | |
| Classification number | 158.1 |
| Author mark and Year | TOL 2005 |
| 100 ## - MAIN ENTRY--PERSONAL NAME | |
| Personal name | Tolle, Eckhart |
| 245 ## - TITLE STATEMENT | |
| Title | The power of now / |
| Statement of responsibility, etc | Eckhart Tolle |
| 260 ## - PUBLICATION, DISTRIBUTION, ETC. (IMPRINT) | |
| Place of publication, distribution, etc | London: |
| Name of publisher, distributor, etc | Yellow Kite; |
| Date of publication, distribution, etc | 2005. |
| 300 ## - PHYSICAL DESCRIPTION | |
| Pagination | 191 p. |
| Dimensions | 20 cm. |
| 650 ## - SUBJECT ADDED ENTRY--TOPICAL TERM | |
| Topical term or geographic name as entry element | We learn that we can find our way out of psychological pain; authentic human power is found by surrendering to the Now; this silence and space all around us is one of the |
| 942 ## - ADDED ENTRY ELEMENTS (KOHA) | |
| Source of classification or shelving scheme | Dewey Decimal Classification |
| Koha item type | Books |
| Source of classification or shelving scheme | Damaged status | Not for loan | Home library | Current library | Shelving location | Date of accession | Source of acquisition | Cost, normal purchase price | Total Checkouts | Full call number | Barcode | Date last seen | Copy number | Method of acquisition | Koha item type | Currency |
|---|---|---|---|---|---|---|---|---|---|---|---|---|---|---|---|---|
| Dewey Decimal Classification | JCC Rouf Library | JCC Rouf Library | General Stacks | With the compliments of Maj (Retd) Syed Sakhawat Hussain,07/0388/K | 100.00 | 158.1 TOL 2005 | 19929 | 02/09/2025 | C-1 | Gift/Donation | Books | BDT | ||||
| Dewey Decimal Classification | JCC Rouf Library | JCC Rouf Library | General Stacks | With the compliments of Maj (Retd) Syed Sakhawat Hussain,07/0388/K | 100.00 | 158.1 TOL 2005 | 19930 | 02/09/2025 | C-2 | Gift/Donation | Books | BDT |